000 01139cad a22002415a 4500
001 E147052
008 090325s2009 xxk f s000 0 eng d
035 _a(Sirsi) u147052
041 0 _aeng
110 2 _aScotland
_kLaws, etc
245 0 4 _aThe Non-Domestic Rating (Petrol Filling Stations, Public Houses and Hotels) (Scotland) Order 2009
_h[electronic resource]
260 _aEdinburgh
_bScottish Government
_c2009
490 0 _aScottish Statutory Instrument
_v2009: 69
520 _aMakes provision to ensure that certain licensed premises and petrol filling stations in rural areas can continue to qualify for relief from non-domestic rates.
520 _aComes into force 1 September 2009.
521 _aAdvanced
590 _aKA
650 2 4 _aNON-DOMESTIC RATING (PETROL FILLING STATIONS, PUBLIC HOUSES AND HOTELS) (SCOTLAND) ORDER 2009
651 4 _aScotland
_y1999-
690 _aPROPERTY-COMMERCIAL PROPERTY-COMMERCIAL PROPERTY TAXATION-BUSINESS RATES
856 4 0 _uhttps://www.opsi.gov.uk/legislation/scotland/ssi2009/ssi_20090069_en_1
_zView the statutory instrument free of charge at www.opsi.gov.uk...
942 _n0
999 _c109425
_d109425